000 00344nam a22001457a 4500
008 210607b ||||| |||| 00| 0 eng d
020 _a0879931833
041 _aeng
080 _a616.12
082 _a616.12
100 _a7
101 _aKARDIO
245 _aNoncardiac Surgery in the Cardiac Patient
_cStephen P. Glasser
942 _2udc
_cBK
999 _c58036
_d58036